| 000 | 00500nam a2200169Ia 4500 | ||
|---|---|---|---|
| 003 | GCL | ||
| 008 | 140319s9999 xx 000 0 ara d | ||
| 040 |
_aGCL / _cGCL |
||
| 082 | 0 | 4 |
_a671.522 _bف ل |
| 100 | 1 | _aفبليكس فوتكة | |
| 245 | 1 | 0 |
_aاللحام بالغاز / _cفبليكس فوتكة |
| 700 | 1 | _aحسن محمود اسماعيل | |
| 260 |
_a[S.N] : _bمؤسسة الاهرام |
||
| 490 |
_aالاسس التكنولوجية _v0 |
||
| 650 | 0 | 4 | _aاللحام |
| 942 |
_2ddc _cBK |
||
| 999 |
_c54813 _d54813 |
||